000 00408nam a2200169Ia 4500
003 LK-CoDNM
008 010623t2011 xxu||||| |||| 00| 1 sin d
040 _aLK-CoDNM
_dLK-CoDNM
_eLK-CoDNM
041 _asin
080 _a8S2 DEW
100 _aDewis, Jek
245 _aමී පැණි පෙදෙස
246 _aMee Peni Pedesa
260 _bAuthor
_a-
_c2011
300 _b71, 21 cm
942 _cBK
999 _c131501
_d131501